| 000 | 00569nam a2200181 4500 | ||
|---|---|---|---|
| 001 | 144318 | ||
| 003 | ES-MaACL | ||
| 005 | 20250831121307.0 | ||
| 007 | t| | ||
| 008 | 070214s1971 sp r ||||1| spa d | ||
| 110 | 2 | 0 |
_aAsociación Cultural de Estudios de la Literatura Reformada (Barcelona) _91535 |
| 245 | 1 | 4 |
_aLos cánones de Dort _b: o Reglas doctrinales de Dordrecht. |
| 260 |
_a[Barcelona : _bs. n.], _c1971. |
||
| 300 |
_a62 p. ; _c20 cm. |
||
| 740 | 0 | _aReglas doctrinales de Dordrecht. | |
| 852 |
_aES-MaACL _jC-44791 _bR.81841 |
||
| 999 |
_c144318 _d144318 |
||